| 000 | 00964nam a22002295i 4500 | ||
|---|---|---|---|
| 001 | 152383 | ||
| 003 | ES-MaACL | ||
| 005 | 20230906204720.0 | ||
| 008 | 051013s1872 gw | |||||||| ||ger d | ||
| 040 |
_aCAM _bspa _cCAM |
||
| 100 | 0 |
_aBooch-Arkossy, Friedrich Wilhelm. _930317 |
|
| 245 | 1 | 0 |
_aNowy Dokladny slownik polsko-niemiecki i niemiecko-polski _b: = Neues vollständiges polnich-deutsches und deutsch-polnisches wörterbuch / _causgearbeitet von F. Booch-Arkossy. |
| 250 | _a1 Aufl. | ||
| 260 |
_aLeipzig : _bverlag von H. Haessel, _c[s.a.] |
||
| 300 |
_a1 v. ; _c22 cm. |
||
| 505 | 8 | _aT. I. Polsko-niemiecki = Polnisch und deutsch mit Supplement (V, 998, 146 p.) | |
| 594 | _aLetra gótica. | ||
| 596 | _aPrelim. fechados en 1872. | ||
| 650 | 4 |
_aLengua polaca- _vDiccionarios- _xAlemán. _9136367 |
|
| 650 | 4 |
_aLengua alemana- _vDiccionarios- _xPolaco. _9147923 |
|
| 852 |
_aES-MaACL _jG-14141 _z-- Enc. hol. con puntas _q-- Contiene únicamente T. I |
||
| 999 |
_c152383 _d152383 |
||